Central Library OPAC University of Rajshahi

হযরত আলী / (Record no. 41614)

MARC details
000 -LEADER
fixed length control field 00838nam a22002417a 4500
001 - CONTROL NUMBER
control field 41614
003 - CONTROL NUMBER IDENTIFIER
rucl marc code BD-RjUL
005 - DATE AND TIME OF LATEST TRANSACTION
control field 20211209053424.0
008 - FIXED-LENGTH DATA ELEMENTS--GENERAL INFORMATION
fixed length control field 160602s1968 bg ||||| b||| 00| 0 ben d
020 ## - INTERNATIONAL STANDARD BOOK NUMBER
Terms of availability : PRs. 4.00
035 ## - SYSTEM CONTROL NUMBER
System control number (BD-RjUL) 41732
040 ## - CATALOGING SOURCE
Original cataloging agency BD-RjUL
Language of cataloging ben
Transcribing agency BD-RjUL
041 ## - LANGUAGE CODE
Language code of text/sound track or separate title ben
082 ## - DEWEY DECIMAL CLASSIFICATION NUMBER
Edition number 23
Classification number 297.61
Author mark and year FAH 1968
100 1# - MAIN ENTRY--PERSONAL NAME
Personal name ফজল, আবুল
9 (RLIN) 127846
245 10 - TITLE STATEMENT
Title হযরত আলী /
Statement of responsibility, etc. আবুল ফজল
260 ## - PUBLICATION, DISTRIBUTION, ETC. (IMPRINT)
Place of publication, distribution, etc. ঢাকা :
Name of publisher, distributor, etc. কেন্দ্রীয় বাঙলা-উন্নয়ন বোর্ড,
Date of publication, distribution, etc. ১৯৬৮
300 ## - PHYSICAL DESCRIPTION
Pagination [১০], ২৩৩ পৃ. ;
Size ২১ সেমি.
504 ## - BIBLIOGRAPHY, ETC. NOTE
Bibliography, etc গ্রন্থপঞ্জি সংযুক্ত
650 ## - SUBJECT ADDED ENTRY--TOPICAL TERM
Topical term or geographic name as entry element ইসলাম
General subdivision নেতা
9 (RLIN) 127637
Topical term or geographic name as entry element Islamic
General subdivision leaders
9 (RLIN) 127847
942 ## - ADDED ENTRY ELEMENTS (KOHA)
Source of classification or shelving scheme Dewey Decimal Classification
Koha item type Books
Holdings
Lost status Source of classification or shelving scheme Damaged status Not for loan Collection code Permanent Location Current Location Shelving location Date acquired Source of acquisition Cost, normal purchase price Total Checkouts Full call number Date last seen Copy number Koha item type Coded location qualifier
  Dewey Decimal Classification     Non-fiction Central Library, University of Rajshahi Central Library, University of Rajshahi   06/06/1968 Nowrage Kitab Bistan 4.00   B 297.61 FAH 1968 02/06/2016 C-2 Books  
  Dewey Decimal Classification     Non-fiction Central Library, University of Rajshahi Central Library, University of Rajshahi   11/06/1968 Nawroge 4.00   B 297.61 FAH 1968 07/08/2016 C-3 Books  
  Dewey Decimal Classification   Not For Loan Non-fiction Central Library, University of Rajshahi Central Library, University of Rajshahi Reading Room 11/06/1968 Dhaka : Nowroz katabistan     B 297.61 FAH 1968 24/02/2021 C-1 Books 4.00
  Dewey Decimal Classification     Non-fiction Central Library, University of Rajshahi Central Library, University of Rajshahi General Stacks 06/06/1968 Nourose kitabistan 4.00   B 297.61 FAH 1968 27/10/2022 C-4 Books